|
|
|
|
| LEADER |
00000nam0a2200000 4500 |
| 001 |
274394 |
| 005 |
20231101234726.0 |
| 035 |
|
|
|a (RuTPU)RU\TPU\book\297604
|
| 090 |
|
|
|a 274394
|
| 100 |
|
|
|a 20141105d1971 k y0rusy50 ca
|
| 101 |
0 |
|
|a rus
|
| 102 |
|
|
|a RU
|
| 105 |
|
|
|a a z 001zy
|
| 200 |
1 |
|
|a Минералого-геохимические очерки Забайкалья
|e сборник статей
|f Всесоюзное минералогическое общество (ВМО), Бурятское отделение ; под ред. С. А. Гурулева
|
| 210 |
|
|
|a Улан-Удэ
|c Типография Управления по печати
|d 1971
|
| 215 |
|
|
|a 168 с.
|c ил.
|
| 320 |
|
|
|a Библиогр. в конце ст.
|
| 606 |
1 |
|
|a Геохимия
|2 stltpush
|3 (RuTPU)RU\TPU\subj\6296
|9 34219
|
| 610 |
1 |
|
|a Забайкалье
|
| 610 |
1 |
|
|a апатитовые месторождения
|
| 610 |
1 |
|
|a гранитоиды
|
| 610 |
1 |
|
|a магма
|
| 610 |
1 |
|
|a минерализация
|
| 610 |
1 |
|
|a минералы
|
| 610 |
1 |
|
|a магнитные свойства
|
| 610 |
1 |
|
|a облицовочные камни
|
| 610 |
1 |
|
|a цветные камни
|
| 610 |
1 |
|
|a зональность
|
| 610 |
1 |
|
|a метаморфизм
|
| 610 |
1 |
|
|a рудные минералы
|
| 610 |
1 |
|
|a осадкообразование
|
| 675 |
|
|
|a 550.4
|v 3
|
| 702 |
|
1 |
|a Гурулев
|b С. А.
|4 340
|
| 712 |
0 |
2 |
|a Всесоюзное минералогическое общество (ВМО)
|b Бурятское отделение
|c (Улан-Удэ)
|c (1960-1991)
|2 stltpush
|3 (RuTPU)RU\TPU\col\15988
|
| 801 |
|
1 |
|a RU
|b 63413507
|c 20141105
|
| 801 |
|
2 |
|a RU
|b 63413507
|c 20210209
|g RCR
|
| 942 |
|
|
|c BK
|